00468nam a2200193 a 4500001001300000003000900013005001700022008004100039020001000080082001700090100001900107245002300126260002900149300000900178500003500187505001000222650002300232700001900255nice12345678IN_TiNIC20260116013929.0050524s1997 dela grp 000 0 eng  ac45000a291.082bSHA aSharma, Arvind aReligion and Women aDelhibSri Satguruc1997 a291p aincludes index and biblioraphy2 aIndex aWomen and Religion1 aSharma, Arvind